[Event "Regionalliga SW 0607"]
[Site "Bayern"]
[Date "2006.10.29"]
[Round "2.1"]
[White "Lickleder, Andreas"]
[Black "Bogdanov, Andrej"]
[Result "1/2-1/2"]
[WhiteElo "2184"]
[BlackElo "2065"]
[PlyCount "125"]
[EventDate "2006.10.15"]
[EventType "team-tourn"]
[EventRounds "9"]
[EventCountry "GER"]
[SourceTitle "EXT 2008"]
[Source "ChessBase"]
[SourceDate "2007.11.25"]
[SourceVersion "1"]
[SourceVersionDate "2007.11.25"]
[SourceQuality "1"]
[WhiteTeam "Bayern Muenchen III"]
[BlackTeam "Muenchen Schwabing"]
[WhiteTeamCountry "GER"]
[BlackTeamCountry "GER"]

1. e4 c5 2. Nf3 g6 3. d4 cxd4 4. Qxd4 Nf6 5. Nc3 Bg7 6. e5 Nc6 7. Qh4 Ng8 8. Qe4 d5 9. Qxd5 Nxe5 10. Bb5+ Nd7 11. Ne5 e6 12. Qd6 a6 13. Ba4 b5 14. Nc6 Qb6 15. Be3 Qb7 16. Bb3 Bf8 17. Qd4 Ngf6 18. Ne5 Bc5 19. Qh4 Bxe3 20. fxe3 Qb6 21. Nxd7 Qxe3+ 22. Kf1 Nxd7 23. Re1 g5 24. Rxe3 gxh4 25. Ne4 Ke7 26. Rh3 Bb7 27. Rxh4 Ne5 28. Ng3 Rad8 29. Rg1 Rd2 30. Ne2 a5 31. a4 bxa4 32. Rxa4 Ba6 33. Rxa5 Bxe2+ 34. Ke1 Rd1+ 35. Kxe2 Rxg1 36. Kf2 Rb1 37. Rxe5 Rxb2 38. Re1 Rb8 39. Kg3 Rb5 40. h4 h5 41. Kf3 Rc5 42. g3 Rc3+ 43. Kf4 Kf6 44. Rf1 Ke7 45. Rg1 f6 46. Ra1 e5+ 47. Kf5 Rxg3 48. Ra7+ Kd6 49. Ra6+ Kc5 50. Kxf6 e4 51. Ke5 Rg4 52. Ra5+ Kb6 53. Ra1 Rxh4 54. Re1 Kc5 55. Rg1 e3 56. Re1 Rh3 57. Ke4 e2 58. Kf4 Rc3 59. Rxe2 h4 60. Re1 h3 61. Re5+ Kd6 62. Re6+ Kc7 63. Re1 1/2-1/2

[Event "Landesliga Sued 0506"]
[Site "Bayern"]
[Date "2006.02.19"]
[Round "7.3"]
[White "Bensch, Patrick"]
[Black "Bogdanov, Andrej"]
[Result "1-0"]
[WhiteElo "2213"]
[BlackElo "2042"]
[PlyCount "59"]
[EventDate "2005.10.23"]
[EventType "team-tourn"]
[EventRounds "9"]
[EventCountry "GER"]
[SourceTitle "EXT 2007"]
[Source "ChessBase"]
[SourceDate "2006.11.23"]
[SourceVersion "1"]
[SourceVersionDate "2006.11.23"]
[SourceQuality "1"]
[WhiteTeam "Rottal Inn"]
[BlackTeam "Schwabing SG Nord"]
[WhiteTeamCountry "GER"]
[BlackTeamCountry "GER"]

1. e4 c5 2. Nf3 d6 3. d4 cxd4 4. Nxd4 Nf6 5. Nc3 a6 6. f4 e6 7. Qf3 Qc7 8. Bd3 b5 9. a3 Bb7 10. g4 Nc6 11. Be3 Nd7 12. g5 b4 13. axb4 Nxb4 14. 0-0 Nc5 15. Rad1 d5 16. e5 g6 17. h4 h5 18. Bf2 Rb8 19. Rfe1 Bc8 20. Rd2 Nd7 21. Bxg6 fxg6 22. Nxe6 Qc4 23. b3 Qc6 24. Nd4 Qc7 25. Nxd5 Nxd5 26. Qxd5 Be7 27. f5 Bb7 28. Ne6 Qc8 29. Ng7+ Kd8 30. Qa5+ 1-0

[Event "Landesliga Sued 0506"]
[Site "Bayern"]
[Date "2006.01.15"]
[Round "5.3"]
[White "Fauth, Dietmar"]
[Black "Bogdanov, Andrej"]
[Result "1-0"]
[WhiteElo "2147"]
[BlackElo "2042"]
[PlyCount "50"]
[EventDate "2005.10.23"]
[EventType "team-tourn"]
[EventRounds "9"]
[EventCountry "GER"]
[SourceTitle "EXT 2007"]
[Source "ChessBase"]
[SourceDate "2006.11.23"]
[SourceVersion "1"]
[SourceVersionDate "2006.11.23"]
[SourceQuality "1"]
[WhiteTeam "Muenchen Siemens"]
[BlackTeam "Schwabing SG Nord"]
[WhiteTeamCountry "GER"]
[BlackTeamCountry "GER"]

1. e4 e5 2. Nf3 Nc6 3. Bb5 Nf6 4. 0-0 Bc5 5. c3 0-0 6. d4 Bb6 7. Re1 d6 8. Bg5 h6 9. Bh4 Bg4 10. Bxc6 bxc6 11. dxe5 dxe5 12. Qxd8 Raxd8 13. Nxe5 g5 14. Bg3 h5 15. h4 Nxe4 16. Nxg4 Nxg3 17. Nf6+ Kg7 18. hxg5 Rd3 19. a4 a5 20. b4 axb4 21. cxb4 Rfd8 22. a5 Ba7 23. Na3 Rd2 24. Kh2 Bxf2 25. Re7 R8d4 1-0

[Event "Landesliga Sued 0506"]
[Site "Bayern"]
[Date "2005.10.23"]
[Round "1.4"]
[White "Bogdanov, Andrej"]
[Black "Baldauf, Marco"]
[Result "1-0"]
[WhiteElo "2042"]
[BlackElo "2128"]
[PlyCount "51"]
[EventDate "2005.10.23"]
[EventType "team-tourn"]
[EventRounds "9"]
[EventCountry "GER"]
[SourceTitle "EXT 2007"]
[Source "ChessBase"]
[SourceDate "2006.11.23"]
[SourceVersion "1"]
[SourceVersionDate "2006.11.23"]
[SourceQuality "1"]
[WhiteTeam "Schwabing SG Nord"]
[BlackTeam "Pang/Rosenheim"]
[WhiteTeamCountry "GER"]
[BlackTeamCountry "GER"]

1. e4 e5 2. Nc3 Nf6 3. f4 d5 4. fxe5 Nxe4 5. d3 Bb4 6. dxe4 Qh4+ 7. Ke2 Bg4+ 8. Nf3 Bxc3 9. Qxd5 c6 10. Qc5 Qe1+ 11. Kd3 Bxf3 12. gxf3 Bb4 13. Qe3 Qd1+ 14. Bd2 Qxa1 15. Bxb4 Nd7 16. Bd6 Nf8 17. Rg1 Qxb2 18. Rxg7 Ne6 19. Bh3 Rd8 20. c3 Qb1+ 21. Ke2 Qxa2+ 22. Ke1 Rd7 23. Qh6 Rxd6 24. exd6 Rf8 25. Qf6 Kd7 26. Qe7+ 1-0

[Event "GER-ch internet U25"]
[Site "Playchess.com INT"]
[Date "2004.03.14"]
[Round "2"]
[White "Gramlich, Sebastian"]
[Black "Bogdanov, Andrej"]
[Result "1-0"]
[WhiteElo "2379"]
[BlackElo "2137"]
[PlyCount "91"]
[EventDate "2004.03.14"]
[EventType "swiss (blitz)"]
[EventRounds "7"]
[EventCountry "GER"]
[SourceTitle "EXT 2005"]
[Source "ChessBase"]
[SourceDate "2004.11.15"]
[SourceVersion "1"]
[SourceVersionDate "2004.11.15"]
[SourceQuality "1"]

1. e4 d5 2. d4 e6 3. Nc3 c5 4. exd5 cxd4 5. Qxd4 Nc6 6. Bb5 Nf6 7. Nf3 exd5 8. 0-0 Be7 9. Bg5 0-0 10. Qh4 Be6 11. Bd3 g6 12. Rad1 Nh5 13. Bxe7 Qxe7 14. Qxe7 Nxe7 15. Rfe1 Nc6 16. Nb5 Rad8 17. c3 Kg7 18. Nfd4 Bf5 19. Bxf5 gxf5 20. Nxf5+ Kf6 21. Nbd4 Rde8 22. g3 Ng7 23. Nxg7 Kxg7 24. Nf5+ Kf6 25. Ne3 d4 26. cxd4 Rd8 27. d5 Ne5 28. Kg2 Rc8 29. Re2 Rc5 30. f4 Nd7 31. Kf3 Rfc8 32. Ng4+ Kg7 33. Ne5 Nf6 34. d6 Rd8 35. Red2 b5 36. g4 h6 37. h4 a5 38. g5 hxg5 39. hxg5 Nd7 40. Nxd7 Rxd7 41. Rd5 Rxd5 42. Rxd5 a4 43. Ke4 f6 44. Kf5 fxg5 45. fxg5 Kf7 46. g6+ 1-0

[Event "GER-ch internet U25"]
[Site "Playchess.com INT"]
[Date "2004.03.14"]
[Round "6"]
[White "Rose, Dominik"]
[Black "Bogdanov, Andrej"]
[Result "0-1"]
[WhiteElo "2060"]
[BlackElo "2098"]
[PlyCount "72"]
[EventDate "2004.03.14"]
[EventType "swiss (blitz)"]
[EventRounds "7"]
[EventCountry "GER"]
[SourceTitle "EXT 2005"]
[Source "ChessBase"]
[SourceDate "2004.11.15"]
[SourceVersion "1"]
[SourceVersionDate "2004.11.15"]
[SourceQuality "1"]

1. d4 d5 2. c4 e6 3. Nc3 c6 4. Nf3 dxc4 5. e4 b5 6. Be3 Bb4 7. a4 Nf6 8. Qc2 Bb7 9. Be2 0-0 10. 0-0 Bxc3 11. bxc3 h6 12. Rfb1 a6 13. Nh4 Qc7 14. f4 Nbd7 15. f5 e5 16. g4 c5 17. d5 Nh7 18. axb5 axb5 19. Rxa8 Rxa8 20. Rxb5 Ba6 21. Rb1 Ndf6 22. h3 Qe7 23. Nf3 g6 24. Nd2 gxf5 25. exf5 Nxd5 26. Bf2 Nf4 27. Bf1 Ng5 28. Kh2 Rd8 29. Nxc4 Bxc4 30. Bxc4 Rd2 31. Rb8+ Kg7 32. f6+ Qxf6 33. Qf5 Rxf2+ 34. Kh1 Qxf5 35. gxf5 Nf3 36. Rb7 Rh2# 0-1

[Event "Oberliga Bayern 0102"]
[Site "Bayern"]
[Date "2002.02.03"]
[Round "5.8"]
[White "Bogdanov, Andrej"]
[Black "Hornung, Hans"]
[Result "1-0"]
[WhiteElo "1935"]
[BlackElo "2085"]
[PlyCount "41"]
[EventDate "2001.10.07"]
[EventType "team-tourn"]
[EventRounds "9"]
[EventCountry "GER"]
[SourceTitle "EXT 2003"]
[Source "ChessBase"]
[SourceDate "2002.11.25"]
[SourceVersion "1"]
[SourceVersionDate "2002.11.25"]
[SourceQuality "1"]
[WhiteTeam "Schwabing"]
[BlackTeam "Ingolstadt"]
[WhiteTeamCountry "GER"]
[BlackTeamCountry "GER"]

1. e4 c5 2. Nf3 b6 3. d4 cxd4 4. Nxd4 Bb7 5. Bd3 g6 6. 0-0 Bg7 7. Be3 Nc6 8. Nxc6 Bxc6 9. Qc1 Nf6 10. Bd4 0-0 11. f3 e5 12. Bxe5 d5 13. Nc3 dxe4 14. fxe4 Re8 15. Qf4 Rxe5 16. Qxe5 Ng4 17. Qf4 Qh4 18. Ne2 Bh6 19. Qxf7+ Kh8 20. h3 Ne3 21. Qf6+ 1-0

[Event "Oberliga Bayern 0001"]
[Site "Bayern"]
[Date "2000.10.15"]
[Round "1"]
[White "Bogdanov, Andrej"]
[Black "Achatz, Georg"]
[Result "1/2-1/2"]
[WhiteElo "1915"]
[BlackElo "2015"]
[PlyCount "134"]
[EventDate "2000.10.15"]
[EventType "team-tourn"]
[EventRounds "9"]
[EventCountry "GER"]
[SourceTitle "EXT 2020"]
[Source "ChessBase"]
[SourceDate "2019.10.17"]
[SourceVersion "1"]
[SourceVersionDate "2019.10.17"]
[SourceQuality "1"]
[WhiteTeam "Schwabing SG Nord"]
[BlackTeam "Haunstetten TSV"]
[WhiteTeamCountry "GER"]
[BlackTeamCountry "GER"]

1. e4 d5 2. exd5 Qxd5 3. Nc3 Qa5 4. d4 Bf5 5. Bc4 c6 6. Nf3 e6 7. Ne5 Nf6 8. g4 Be4 9. 0-0 Bd5 10. Nxd5 cxd5 11. Bb3 Nc6 12. c4 dxc4 13. Bxc4 Rd8 14. Nxc6 bxc6 15. Qf3 Qc7 16. Bf4 Bd6 17. Be5 Bxe5 18. dxe5 Nd7 19. Rfe1 0-0 20. Qe4 Nc5 21. Qc2 Qa5 22. Re2 Rd4 23. h3 Rfd8 24. Rae1 g6 25. a3 Nd7 26. Re4 Rd2 27. Qc1 Nb6 28. Bf1 Qd5 29. R4e2 c5 30. Bg2 Qd4 31. b3 Rd3 32. Re4 Qc3 33. a4 a5 34. Qxc3 Rxc3 35. R4e3 Rc2 36. R3e2 Rxe2 37. Rxe2 Rd4 38. Rc2 c4 39. bxc4 Nxc4 40. Re2 Kg7 41. Bc6 f6 42. exf6+ Kxf6 43. Bb5 h6 44. Kg2 e5 45. Rc2 Nd6 46. Bc6 Rc4 47. Rxc4 Nxc4 48. Kf3 Nd6 49. h4 g5 50. hxg5+ hxg5 51. Ke3 Ke7 52. Kd3 Kd8 53. f3 Kc7 54. Bd5 Kb6 55. Kc3 Kc5 56. Be4 Nc8 57. Bg6 Ne7 58. Be4 Nc8 59. Bg6 Nb6 60. Be8 Nd5+ 61. Kd3 Kb4 62. Bc6 Nc3 63. Be8 Nxa4 64. Ke4 Nc3+ 65. Kxe5 Nb5 66. f4 gxf4 67. Kxf4 Nd6 1/2-1/2